Cloud computing : (رقم التسجيلة. 84025)

تفاصيل مارك
000 -الفاتح
حقل البيانات ثابتة الطول 01053nam a2200289 4500
003 - محدد رقم الضبط
رقم الضبط
005 - وقت وتاريخ اخر تعامل مع التسجيلة
رقم الضبط 20221017105206.0
008 - عناصر البيانات ثابتة الطول - معلومات عامة
حقل البيانات ثابتة الطول 130404s2017 njua 001 0 eng
020 ## - الرقم الدولى المعيارى للكتب
الرقم الدولى المعيارى للكتاب 9789332535923
040 ## - مصدر الفهرسة
وكالة الفهرسة الأصلية DLC
لغة الفهرسة eng
وكالة النسخ DLC
قواعد الوصف rda
وكالة التعديل DLC
041 ## - رمز اللغة
رمز لغة النص/ المسارات الصوتية أو العنوان الانفرادي Ma-Un
050 00 - رقم طلب مكتبة الكونجرس
رقم التصنيف QA76.585
رقم المادة .E75 2013
082 00 - رقم تصنيف ديوى العشرى
رقم الطبعة 23
رقم التصنيف 004.6782
رقم المادة ETC
100 1# - المدخل الرئيسى - إسم شخصى
الإسم الشخصى Erl, Thomas.
245 10 - بيان العنوان
العنوان Cloud computing :
بقية العنوان concepts, technology, & architecture /
بيان المسئوليه,etc Thomas Erl, Zaigham Mahmood and Richardo Puttini.
250 ## - بيان الطبعة
بيان الطبعة 7th. ed.
260 ## - PUBLICATION, DISTRIBUTION, ETC. (IMPRINT)
مكان الناشر او الموزع New delhi :
اسم الناشر او الموزع pearson,
تاريخ النشر أو التوزيع 2017
تاريخ النشر هجري [1438]
300 ## - الوصف المادى
التعداد 485 p. :
تفاصيل ماديه اخرى للوعاء illustrations ;
أبعاد الوعاء 24 cm
500 ## - تبصرة عامة
تبصرة عامة Includes index.
504 ## - تبصرة ببليوجرافية
تبصرة ببليوجرافية,الخ يشتمل على قائمة ببليوجرافية.
650 #0 - المدخل الاضافى بالموضوع-مصطلح موضوعى
مصطلح موضوعي أو اسم جغرافي كعنصر مدخل Cloud computing.
700 1# - المدخل الاضافى - اسم شخصى
الإسم الشخصى Puttini, Richardo,
التواريخ المصاحبة للاسم 1974-
700 1# - المدخل الاضافى - اسم شخصى
الإسم الشخصى Mahmood, Zaigham.
952 ## - LOCATION AND ITEM INFORMATION (KOHA)
نوع المادة فى نظام كوها كتاب
952 ## - LOCATION AND ITEM INFORMATION (KOHA)
نوع المادة فى نظام كوها كتاب
952 ## - LOCATION AND ITEM INFORMATION (KOHA)
نوع المادة فى نظام كوها كتاب
942 ## -
-- BOOK
-- ddc
906 ## - عنصر بيانات محلى F, LDF (RLIN)
a 7
b cbc
c orignew
d 1
e ecip
f 20
g y-gencatlg
المقتنيات
حالة الفقد نموذج السعر الفعال حالة تلف ليس للاعارة تاريخ الاكتساب رقم الطلب تاريخ الاكتساب الموقع الحالي الباركود الفرع الرئيسي Date last seen مصدر التصنيف او خطة الترفيف Total Checkouts
  2022-10-17   Not For Loan 2022-10-17 004.6782 ETC 2022-10-17 CL 00267057 المكتبة المركزية بالمجمعة (CL) 2022-10-17 Dewey Decimal Classification  
  2022-10-17     2022-10-17 004.6782 ETC 2022-10-17 CL 00267058 المكتبة المركزية بالمجمعة (CL) 2022-10-17 Dewey Decimal Classification  
  2022-10-17     2022-10-17 004.6782 ETC 2022-10-17 CL 00267059 المكتبة المركزية بالمجمعة (CL) 2022-10-17 Dewey Decimal Classification